[Event "DEN-ch LH 2020"]
[Site "Svendborg"]
[Date "2020.10.15"]
[Round "7.2"]
[White "Bjerre, Jonas Buhl"]
[Black "Ochsner, Bjorn Moller"]
[Result "1-0"]
[WhiteElo "2559"]
[BlackElo "2482"]
[Annotator "TA"]
[PlyCount "75"]
[EventDate "2020.10.09"]
[EventType "tourn"]
[EventCountry "DEN"]
[SourceTitle "playchess.com"]
[Source "ChessBase"]
[SourceQuality "1"]

{[%evp 14,75,29,24,25,32,23,32,40,39,35,0,41,51,46,45,40,40,45,51,32,48,74,61,63,51,52,24,16,18,11,28,47,27,83,16,25,34,52,26,54,47,67,74,81,0,0,0,0,-6,353,354,432,429,804,800,888,820,1120,1108,29987,29988,29987,29987]} 1. e4 e5 2. Nf3 Nc6 3. Bb5 a6 4. Ba4 d6 5. c3 Bd7 6. d4 g6 7. O-O Bg7 8. h3 Nf6 {C76: Ruy Lopez: Deferred Steinitz: 5 c3 Bd7 6 d4 g6.} 9. Re1 O-O 10. Bc2 Nh5 {[#] White is slightly better.} 11. a4 $1 $146 {[%mdl 8] An important novelty.} ({Predecessor:} 11. Bg5 Qe8 12. Be3 b6 13. Nbd2 Kh8 14. a4 f5 15. exf5 gxf5 16. dxe5 dxe5 17. a5 {1-0 (48) Jones,G (2688)-Short,N (2630) Germany 2019}) 11... Qc8 12. Na3 Kh8 13. Nc4 b5 14. Ne3 exd4 15. cxd4 Nb4 16. axb5 Bxb5 17. Ra3 Nxc2 18. Qxc2 Qb7 19. Rc3 Rac8 20. Bd2 Nf6 21. Ng4 Nxg4 22. hxg4 c5 23. dxc5 dxc5 {[#]} (23... Rxc5 $11 24. Rxc5 dxc5) 24. e5 (24. Ng5 $1 $16) 24... Bd7 25. Rc4 Be6 26. Rf4 Rfd8 27. Bc3 h6 28. Nd2 g5 29. Rf5 (29. Ra4 $16) 29... Qd7 $11 (29... Bxf5 30. gxf5 Rd4 31. f6 $18) 30. Re3 Re8 ({Of course not} 30... Bxf5 $6 31. gxf5 Rc6 {[#]} 32. e6 $1 $16 {[%mdl 512]}) 31. Rh3 {Black must now prevent Rxg5.} Bxf5 $4 {[%mdl 8192] Now Black is done in.} (31... Kg8 $11 {and Black is okay.} 32. f4 Bxf5 33. gxf5 gxf4) 32. gxf5 $18 Qd5 {[#]} 33. e6 $1 {[%mdl 512]} f6 {[#]} (33... Kg8 $142 34. f6 Rxe6) (33... fxe6 34. Rxh6+) 34. Bxf6 $1 {[%mdl 576] Rxh6+ is the strong threat. Deflection, Decoy} Bxf6 35. Rxh6+ {[%mdl 64] Double Attack} Kg8 36. Rxf6 Rf8 37. Rg6+ {[%mdl 64] Double Attack} Kh8 38. Qc3+ {Av CentiPawn Loss W=-9/B=-79. Weighted=-8/-56} 1-0

[Event "DEN-ch LH 2020"]
[Site "Svendborg"]
[Date "2020.10.15"]
[Round "7.3"]
[White "Haubro, Martin"]
[Black "Andersen, Mads"]
[Result "0-1"]
[WhiteElo "2423"]
[BlackElo "2577"]
[Annotator "TA"]
[PlyCount "80"]
[EventDate "2020.10.09"]
[EventType "tourn"]
[EventCountry "DEN"]
[SourceTitle "playchess.com"]
[Source "ChessBase"]
[SourceQuality "1"]

{[%evp 9,80,14,13,16,17,16,8,0,23,5,0,-26,-31,-19,-16,-24,-13,-26,0,-47,0,0,18,-64,-61,-79,-68,-191,-185,-167,-183,-218,-214,-219,-148,-147,-125,-152,-10,-20,-10,-13,-13,-9,-9,-8,-12,-9,-9,-15,-25,-287,-277,-302,-304,-232,-225,-224,-210,-210,-208,-202,-210,-29978,-29980,-29967,-568,-524,-199,-29996,-29997,-29997,-29997]} 1. e4 c6 2. d4 d5 3. e5 Bf5 4. h4 h5 5. Bd3 Bxd3 6. Qxd3 {B12: Caro-Kann: Advance Variation.} Qa5+ 7. Nd2 {Black should prevent e6!} e6 8. Ne2 {The position is equal.} Ne7 9. O-O Qa6 10. c4 Nf5 11. g3 c5 {[#]} 12. b4 $146 ({Predecessor:} 12. b3 Nc6 13. dxc5 Rd8 14. Qc2 Bxc5 15. cxd5 Rxd5 16. Nc4 Nxe5 17. Nf4 Nf3+ 18. Kg2 {0-1 (27) Gusain,H (2438)-Donchenko,A (2553) Moscow 2017}) 12... cxb4 13. Bb2 Nc6 14. a3 $1 dxc4 (14... Na5 $15) 15. Nxc4 $11 Rd8 16. Rfd1 ({Better is} 16. axb4 $11 Qb5 17. Nc3 Qxb4 18. d5) 16... Qb5 $15 17. axb4 Bxb4 18. Nf4 (18. Rac1 $15) 18... Ncxd4 $19 19. Bxd4 Nxd4 20. Rac1 O-O $1 21. Nxh5 Qd5 {Threatens to win with ...Nf3+.} 22. Qe3 Bc5 23. Nd2 f6 (23... Be7 $1 $17 24. Nf4 Qa2) 24. Ne4 $11 {And now Nf4 would win.} Bb6 25. Nhxf6+ $1 {[%mdl 64] Remove Defender} gxf6 26. Nxf6+ {[%mdl 64] [#] Remove Defender} Rxf6 $1 27. Qg5+ {[%mdl 64] Double Attack} (27. exf6 Nf3+) 27... Kh7 {( -> ...Ne2+)} 28. Qxf6 Rd7 29. h5 Qe4 {Hoping for ...Rg7.} 30. Rc8 $2 {[%mdl 8192] [#]} (30. Rc3 $1 $11) 30... Rg7 $1 $19 {aiming for ...Nf3+.} ({Not} 30... Nf3+ 31. Qxf3 Bxf2+ 32. Kxf2 $18) 31. h6 {[%csl Gh6][%cal Rf6g7]} Rxg3+ $1 32. fxg3 {[%csl Gf6][%cal Rc8h8]} Nf3+ {[%mdl 64] Discovered Attack (Double check)} 33. Kg2 {[%csl Gf6][%cal Rc8h8] [#]} Ng5+ $1 $40 {[%mdl 128] Black has strong attack.} 34. Kf1 {[%csl Gf6][%cal Rc8h8]} Qh1+ {[%mdl 64] Double Attack} 35. Ke2 {[%csl Gf6][%cal Rc8h8]} Qh5+ 36. Kd3 $2 ({Avoid the trap} 36. g4 $2 Qxg4+ 37. Ke1 Ba5+ 38. Rd2 Nf3+ 39. Qxf3 Qxf3 $19) (36. Ke1 $19 Ba5+ 37. Rd2 Bxd2+ 38. Kf1 Qd1+ 39. Kg2 Qe2+ 40. Qf2 Qxf2+ 41. Kxf2) 36... Qxd1+ 37. Kc4 Qc2+ (37... Qa4+ $142 38. Kd3 Qe4+ 39. Kd2 Be3+ 40. Kc3 Bd4+ 41. Kd2 Nf3+ 42. Qxf3 Qxf3 43. Rc7+ Kxh6 44. Rc8 Qe3+ 45. Kd1 Qd3+ 46. Ke1 Bxe5 47. Kf2 Qd2+ 48. Kf1 Bd4 49. Rf8 Kh5 50. Rf7 Qd1+ 51. Kg2 Qg1+ 52. Kf3 Qf2+ 53. Ke4 Qe3#) 38. Kb4 {[%csl Gf6][%cal Rc8h8]} Qb2+ $2 (38... a5+ 39. Ka3 Bc5+ 40. Rxc5 Qxc5+ 41. Ka2 Qd5+ 42. Kb2 Qg2+ 43. Kc1 Qh1+ 44. Kb2 Qxh6) 39. Ka4 $2 (39. Kc4 $19 Qc2+ 40. Kb4 a5+ 41. Ka3 Bc5+ 42. Rxc5 Qxc5+ 43. Kb3 Qb4+ 44. Ka2 Qd2+ 45. Kb3 Qd3+ 46. Ka4 Qd7+ 47. Kxa5) 39... Qa2+ 40. Kb4 a5+ {Av CentiPawn Loss W=-72/B=-47. Weighted=-88/-41} 0-1

[Event "DEN-ch LH 2020"]
[Site "Svendborg"]
[Date "2020.10.15"]
[Round "7.4"]
[White "Fries-Nielsen, Jens Ove"]
[Black "Thybo, Jesper Sondergaard"]
[Result "0-1"]
[WhiteElo "2380"]
[BlackElo "2573"]
[Annotator "TA"]
[PlyCount "76"]
[EventDate "2020.10.09"]
[EventType "tourn"]
[EventCountry "DEN"]
[SourceTitle "playchess.com"]
[Source "ChessBase"]
[SourceQuality "1"]

{[%evp 16,76,6,0,-2,-14,-10,-16,-5,-9,0,0,-11,-37,-28,-35,-19,-50,-31,-44,0,0,16,-138,-145,-156,-38,-112,-97,-103,-77,-60,-79,-116,-120,-126,-121,-150,-143,-146,-97,-100,-93,-119,-120,-120,-116,-134,-131,-120,-131,-146,-140,-213,-207,-189,-204,-173,-188,-213,-161,-145,-158]} 1. d4 d5 2. Nc3 Nf6 3. Bf4 c5 4. Nf3 Nc6 5. e3 Bg4 6. Be2 Bxf3 7. Bxf3 cxd4 8. exd4 e6 9. O-O Bd6 {B13: Caro-Kann: Exchange Variation and Panov-Botvinnik Attack.} 10. Be3 O-O 11. Ne2 {[#]} b5 $146 {The position is equal.} ({Predecessor:} 11... Rc8 12. c3 b5 13. b4 e5 14. g3 e4 15. Bg2 a5 16. a4 axb4 17. axb5 Na5 {½-½ (32) Grzelak,A (2141)-Duda,L (2200) Jastrzebia Gora 2016}) 12. c3 Na5 {[%cal Bc6a5,Ba5c4,Bc4e3][%mdl 32]} 13. Qd3 Nc4 14. b3 Nxe3 15. fxe3 Qb6 16. g4 e5 {[#] ...e4 is the strong threat.} 17. Qf5 Rae8 18. g5 Ne4 19. Rad1 $2 ({White must play} 19. Bxe4 $11 dxe4 20. Kh1) 19... g6 $36 {[%mdl 2048] Black is in control.} 20. Qg4 f5 (20... exd4 $17 21. exd4 Qa5) 21. Qg2 (21. gxf6 $1 $15 Nxf6 22. Qg5) 21... Rc8 22. Rc1 Kg7 23. Bxe4 dxe4 24. c4 {Black should prevent c5.} exd4 25. Nxd4 Ba3 26. Rcd1 bxc4 27. bxc4 Bc5 28. Qg3 Kg8 29. Qe5 Rfe8 30. Qd5+ Kh8 {White must now prevent ...Rcd8.} 31. Rb1 Qd8 32. Qxd8 Rexd8 33. Rfd1 {[#]Black is clearly better.} f4 $1 {[%mdl 512]} 34. Kf2 (34. Kf1 $17) (34. exf4 Bxd4+) 34... Bxd4 $19 35. Rxd4 Rxd4 36. exd4 Rxc4 37. Rb8+ Kg7 38. Rb7+ Kf8 {Av CentiPawn Loss W=-17/B=-11. Weighted=-21/-13} 0-1

[Event "DEN-ch LH 2020"]
[Site "Svendborg"]
[Date "2020.10.15"]
[Round "7.5"]
[White "Brondt, Nicolai Kvist"]
[Black "Hansen, Sune Berg"]
[Result "1/2-1/2"]
[WhiteElo "2226"]
[BlackElo "2557"]
[Annotator "TA"]
[PlyCount "81"]
[EventDate "2020.10.09"]
[EventType "tourn"]
[EventCountry "DEN"]
[SourceTitle "playchess.com"]
[Source "ChessBase"]
[SourceQuality "1"]

{[%evp 19,81,6,7,6,6,10,9,5,14,0,0,-8,0,-22,-8,-30,-13,-41,-37,-57,0,-7,0,-134,-147,-142,-129,-151,-156,-117,-125,-145,-112,-121,-67,-65,0,0,0,0,0,0,0,0,0,0,0,0,0,0,0,0,0,0,0,0,0,0,0,0,0,0,0,0]} 1. d4 Nf6 2. c4 e6 3. Nc3 Bb4 4. e3 O-O 5. Bd3 d5 6. Nge2 c5 7. cxd5 cxd4 8. exd4 Nxd5 9. O-O Nc6 10. a3 Bd6 $1 {10...Bd6 scores better than 10...Be7.} 11. Nxd5 {E48: Nimzo-Indian: Rubinstein: 5 Bd3 d5 including 6 Ne2, but excluding 6 a3.} exd5 12. Bf4 Bg4 {aiming for ...Bxe2.} 13. f3 Bh5 14. Qd2 {[#]} Be7 $146 ({Predecessor:} 14... Bg6 15. Bxg6 hxg6 16. Bxd6 Qxd6 17. Rfe1 Rfe8 18. Nc3 Rad8 19. Re3 Rxe3 20. Qxe3 Qf6 {½-½ (26) Solak,D (2563)-Iordachescu,V (2632) Mallorca 2004}) 15. Rad1 Bg6 16. Rfe1 Bf6 17. Kh1 Rc8 18. b4 Re8 19. Bb5 Re6 (19... a6 $15 20. Bd3 Re7) 20. Ba4 a5 21. Bb3 (21. b5 $11 {remains equal.} Ne7 22. Bb3) 21... axb4 $17 22. axb4 Be7 $1 {[%cal Re7b4]} 23. b5 Na5 24. Nc1 Nxb3 (24... Rxe1+ {is interesting.} 25. Rxe1 Bh4 26. Bg3 Bg5 27. Bf4 Bxf4 28. Qxf4 Nc4) 25. Nxb3 Bc2 26. Nc5 {[#]} Bxc5 (26... Rxc5 $1 $17 27. Rxe6 fxe6) 27. Rxe6 $1 $15 fxe6 (27... Bxd1 $15 28. Re1 {[#]} Bxf3 $1 {[%mdl 512]} 29. dxc5 Be4) 28. Qxc2 $11 {The position is equal.} Bxd4 29. Qe2 {[#]} e5 $1 {[%mdl 512]} 30. Bxe5 Qe7 31. f4 Bxe5 $1 32. fxe5 {[%mdl 4096] Endgame KQR-KQR} Qe6 33. Qe3 Rc4 34. Qg5 Rc8 35. h3 h6 36. Qe3 Rc4 37. Qa7 Qxe5 38. Qxb7 d4 39. b6 Kh7 40. Qd7 Qe4 41. b7 {Black had all chances to win. Av CentiPawn Loss W=-8/B=-8. Weighted=-8/-6} 1/2-1/2

[Event "DEN-ch LH 2020"]
[Site "Svendborg"]
[Date "2020.10.16"]
[Round "8.1"]
[White "Chatalbashev, Boris"]
[Black "Ochsner, Bjorn Moller"]
[Result "0-1"]
[WhiteElo "2522"]
[BlackElo "2482"]
[Annotator "TA"]
[PlyCount "79"]
[EventDate "2020.10.09"]
[EventType "tourn"]
[EventCountry "DEN"]
[SourceTitle "playchess.com"]
[Source "ChessBase"]
[SourceQuality "1"]

{[%evp 10,79,3,-2,0,0,4,30,15,14,3,14,10,18,24,-45,-43,-47,-45,-84,-66,-73,-65,-80,-75,-50,-45,-62,-47,-104,-108,-100,-116,-119,-123,-122,-91,-152,-145,-165,-129,-116,-114,-147,-156,-176,-170,-165,-77,-117,-106,-103,-68,-119,-62,-95,-95,-95,-54,-56,-25,-95,-95,-95,-29,-96,-25,-322,-311,-1523,-1461,-909]} 1. d4 Nf6 2. Nf3 d5 3. c4 e6 4. Bg5 dxc4 5. Qa4+ Nbd7 6. e4 c6 {D30: Queen's Gambit Declined: Systems without Nc3.} 7. Qxc4 {[#]} e5 $146 {[%mdl 64] Decoy} ({Predecessor:} 7... h6 8. Bxf6 Nxf6 9. Bd3 Qa5+ 10. Nbd2 Bb4 11. Rd1 e5 12. O-O Be6 13. Qc2 Bxd2 14. Rxd2 {½-½ (26) Andreikin,D (2726)-Nakamura,H (2736) chess.com INT 2020}) 8. dxe5 Nxe5 {White has an edge.} 9. Nxe5 {[%csl Ge5][%cal Rc4f7]} Qa5+ $1 {[%mdl 64] Double Attack} 10. Nc3 ({Wrong is} 10. Qc3 $2 Bb4 $19) 10... Qxe5 11. f4 Qc5 12. e5 (12. O-O-O $11) 12... Ng4 $15 13. Qxc5 Bxc5 14. Ne4 Bb4+ 15. Ke2 Bf5 16. Ng3 Be6 {aiming for ...h6.} 17. a3 Bf8 18. h3 f6 $36 {[%mdl 2048] Black has good play.} 19. Bh4 {[#]} ({White should try} 19. exf6 $15 Nxf6 20. Kd2) 19... Nxe5 $1 $17 {[%mdl 512]} 20. fxe5 g5 21. Ne4 gxh4 22. Nxf6+ Ke7 23. Rd1 ({White should play} 23. Kd2) 23... Bh6 $1 24. Rd4 Bg5 25. Ne4 Bc1 26. Nc5 Rad8 $1 {[%cal Rd8d4]} ({Reject} 26... Bxb2 $6 27. Rb4 $15) 27. Nxe6 Kxe6 28. Rxh4 Bxb2 (28... Rhf8 $19 {has better winning chances.} 29. b3 Kxe5) 29. Rb4 Bxa3 ({Don't do} 29... Bxe5 30. Rxb7 Rb8 31. Rxb8 $15) 30. Rxb7 Kxe5 31. Rxa7 (31. g4 $15) 31... Bb4 (31... Bc5 $1 $17 {[%cal Rc5a7]} 32. Rf7 Ke6) 32. g4 Rd2+ 33. Kf3 Rf8+ 34. Kg3 Bc5 {Strongly threatening ...Bf2+.} (34... h5 $5 35. Bc4 Rd4 $11) 35. Ra5 {[#]} (35. Rxh7 $11 {remains equal.} Bf2+ 36. Kh2) 35... Kd6 $1 {Threatens to win with ...Bf2+.} 36. Bg2 Bf2+ 37. Kh2 {[#]} Bd4 ({Better is} 37... Be3 $1 $17 38. Re1 Bd4) 38. Rf5 $2 {[%mdl 8192]} (38. Kg3 $1 $11) 38... Be5+ $19 39. Kg1 $2 (39. Rxe5 Kxe5 40. Kg3) 39... Ra8 {( -> ...Ra1+)} 40. Rxe5 {Av CentiPawn Loss W=-36/B=-14. Weighted=-17/-12} 0-1

[Event "DEN-ch LH 2020"]
[Site "Svendborg"]
[Date "2020.10.16"]
[Round "8.2"]
[White "Andersen, Mads"]
[Black "Fries-Nielsen, Jens Ove"]
[Result "1-0"]
[WhiteElo "2577"]
[BlackElo "2380"]
[Annotator "TA"]
[PlyCount "89"]
[EventDate "2020.10.09"]
[EventType "tourn"]
[EventCountry "DEN"]
[SourceTitle "playchess.com"]
[Source "ChessBase"]
[SourceQuality "1"]

{[%evp 11,89,25,22,25,28,18,43,47,83,70,85,66,97,73,85,32,51,31,49,42,35,16,27,33,49,27,14,18,73,62,66,55,151,164,152,152,150,120,95,16,21,10,52,36,37,41,36,10,101,104,104,108,158,152,157,141,160,143,138,140,316,368,310,329,458,452,484,397,341,211,203,137,125,129,793,796,770,768,720,712]} 1. d4 Nf6 2. c4 e6 3. Nf3 d5 4. g3 Be7 5. Bg2 O-O 6. O-O a5 7. Nc3 {E06: Closed Catalan: Early deviations.} dxc4 8. Ne5 Nd5 9. Nxc4 {[#] White is slightly better.} a4 $146 ({Predecessor:} 9... c6 10. Bd2 Nd7 11. e4 Nc7 12. Bf4 b5 13. Ne5 Bb7 14. Rc1 Rc8 15. a4 f6 {1-0 (90) Trzaska,P (2220)-Kock,W Ruhrgebiet 1997}) 10. e4 Nxc3 11. bxc3 b5 12. Ne5 c5 13. d5 (13. Rb1 $16) 13... Qc7 14. Nd3 exd5 15. Bf4 Qb6 16. exd5 {aiming for d6.} Bd6 17. Rb1 {[%cal Ba1b1,Bb1b2,Bb2d2][%mdl 32]} Bxf4 18. Nxf4 Bf5 19. Rb2 $36 {[%mdl 2048] With the idea d6. White has good play.} a3 (19... Nd7 $11) 20. Rd2 $16 Qd6 21. Ne6 Rc8 (21... Re8 $1 $14) 22. g4 Bg6 23. f4 $1 {[%cal Rf4f5] Hoping for f5.} f6 24. g5 {gxf6 is the strong threat.} Nd7 25. h4 ({White should play} 25. f5 $16 Bf7 26. Qe2) 25... Bf5 $11 26. Qe2 b4 27. cxb4 cxb4 28. Nd4 Re8 $1 {[%cal Re8e2]} 29. Qb5 Be4 {[#]} (29... Bg4 $11 {remains equal.}) 30. Bxe4 $1 $16 Rxe4 31. Qc6 Ra6 32. Qc8+ Nf8 33. Nf5 Qb6+ 34. Kg2 {Black must now prevent d6.} Ra7 {[#]} 35. d6 $1 {[%cal Rd6d7]} Qb7 $2 (35... Qb5 $16 36. Ne7+ Rexe7 37. dxe7 Rxe7) 36. Qxb7 $18 Rxb7 37. gxf6 gxf6 38. Kf3 Re8 39. Rg1+ Kh8 40. Rdg2 {[%csl Gg1][%cal Rg2g8]} Ne6 41. Ne7 {White wants to mate with Rg8+.} Rbb8 42. Nc6 Ra8 $2 {[%mdl 8192]} (42... Rb7 $16) 43. d7 {White is clearly winning.} Rf8 44. Re2 Ng7 45. Rd1 {Av CentiPawn Loss W=-15/B=-36. Weighted=-14/-34} 1-0

[Event "DEN-ch LH 2020"]
[Site "Svendborg"]
[Date "2020.10.16"]
[Round "8.3"]
[White "Rasmussen, Allan Stig"]
[Black "Brondt, Nicolai Kvist"]
[Result "1/2-1/2"]
[WhiteElo "2559"]
[BlackElo "2226"]
[Annotator "TA"]
[PlyCount "94"]
[EventDate "2020.10.09"]
[EventType "tourn"]
[EventCountry "DEN"]
[SourceTitle "playchess.com"]
[Source "ChessBase"]
[SourceQuality "1"]

{[%evp 22,94,17,20,79,60,51,41,38,0,21,28,20,15,29,29,28,18,18,17,65,8,16,8,10,0,0,0,0,-18,0,0,0,0,0,0,0,0,0,0,0,0,0,0,0,0,1,0,0,0,0,0,0,0,0,-1413,0,0,0,0,0,0,0,0,0,0,0,0,0,0,0,0,0,0,0]} 1. g3 c5 2. Bg2 Nc6 3. Nf3 Nf6 4. O-O e6 5. c4 d5 6. d4 dxc4 7. Qa4 Bd7 8. Qxc4 cxd4 9. Nxd4 Rc8 10. Nc3 Nxd4 11. Qxd4 Bc5 12. Qh4 Qb6 {12...h6 gains popularity. E04: Open Catalan: 5 Nf3.} (12... h6 $11 {remains equal.}) 13. Na4 {[#]} Bxa4 $146 ({Predecessor:} 13... Qb4 14. Nxc5 Qxh4 15. gxh4 Rxc5 16. Bxb7 Rc4 17. Be3 Rb4 18. Bf3 a6 19. Bc5 Rxh4 20. Rfd1 e5 21. Bb7 Ne4 22. Rac1 h5 23. Be3 g5 24. Bxe4 Rxe4 25. Rc7 Rg4+ 26. Kf1 Be6 27. Bc5 {1-0 (27) Parkkinen,J (2146)-Tuovinen,J Helsinki 1999}) 14. Qxa4+ Ke7 {White is slightly better.} 15. b4 Qxb4 (15... Bxf2+ {keeps more tension.} 16. Rxf2 Ng4 17. e3 Nxf2 18. Kxf2 Qd6) 16. Qxb4 Bxb4 17. Rb1 Bd6 18. Rxb7+ Rc7 19. Be3 Rxb7 20. Bxb7 Nd5 21. Bxd5 ({White should play} 21. Bd4 $14) 21... exd5 $14 {[%mdl 4096] Endgame KRB-KRB} 22. Rb1 Rb8 23. Rd1 Rb2 24. a4 Ra2 25. Rb1 Rxa4 26. Rb7+ Ke6 27. Bxa7 Rb4 28. Rxb4 Bxb4 $11 {KB-KB} 29. Bd4 g6 30. f3 h5 31. Kf2 Bd6 32. h3 Bc7 33. g4 Bd6 34. gxh5 gxh5 35. Ke3 Bc7 36. Bg7 Bb8 37. Bh6 Bc7 38. Bf4 $2 {[%mdl 8192] [#]} (38. Bg7 $11) 38... Bb6+ $2 (38... d4+ $1 $19 {[%mdl 512]} 39. Ke4 (39. Kxd4 Bxf4) 39... f5+ 40. Kxd4 Bxf4) 39. Kd3 {The position is equal.} Ba7 40. Kc3 Bc5 41. Bg3 Be7 42. Kd4 Ba3 43. Bc7 Bf8 44. Ke3 Bh6+ 45. Kd4 Bf8 46. Ke3 Bh6+ 47. Kd4 Bf8 {Av CentiPawn Loss W=-33/B=-33. Weighted=-86/-84} 1/2-1/2

[Event "DEN-ch LH 2020"]
[Site "Svendborg"]
[Date "2020.10.16"]
[Round "8.4"]
[White "Hansen, Sune Berg"]
[Black "Haubro, Martin"]
[Result "1-0"]
[WhiteElo "2557"]
[BlackElo "2423"]
[Annotator "TA"]
[PlyCount "129"]
[EventDate "2020.10.09"]
[EventType "tourn"]
[EventCountry "DEN"]
[SourceTitle "playchess.com"]
[Source "ChessBase"]
[SourceQuality "1"]

{[%evp 13,129,12,14,16,21,20,13,29,24,0,19,0,0,0,0,0,0,9,17,17,9,0,0,0,24,21,33,12,8,15,69,64,67,55,86,68,57,71,55,45,117,106,117,120,100,66,68,0,3,2,4,0,6,0,0,0,94,43,52,47,47,51,47,48,84,80,84,92,142,138,117,108,120,120,120,132,127,90,96,89,165,141,177,185,191,181,172,175,264,198,226,222,216,229,282,228,216,188,280,277,318,259,318,265,242,204,702,699,633,676,837,837,836,836,836,836,773,710]} 1. e4 e5 2. Nf3 Nc6 3. Bc4 Nf6 4. d3 Bc5 5. c3 d6 6. O-O O-O 7. h3 a6 8. a4 $1 {[%mdl 4] is recently more successful than 8.Bb3. C54: Giuoco Piano: 4 c3 Nf6, main lines with 5 d4 and 5 d3.} Ba7 9. Re1 h6 10. Nbd2 {The position is equal.} Ne7 11. d4 Ng6 12. Bf1 Re8 13. dxe5 $5 {[%mdl 4] Leaves trodden paths.} dxe5 14. Qc2 Nh5 15. Nc4 Qf6 16. Ne3 {[#]} Nhf4 $146 {White must now prevent ...Nxh3+!} ({Predecessor:} 16... Be6 17. Nh2 Nhf4 18. Nf5 Nh4 19. Nxh4 Qxh4 20. Be3 Bxe3 21. Rxe3 Rad8 22. Ree1 Qg5 {½-½ (55) Nguyen,T (2517)-Zhigalko,S (2625) Batumi 2018}) 17. Kh2 c6 {And now ...Nxh3! would win.} 18. Ng1 Ne7 19. g3 Nfg6 20. Qe2 Be6 21. Nf3 Rad8 ({Better is} 21... Nf8 $11) 22. Ng4 $1 $14 {[%cal Rg4f6]} Bxg4 $1 23. hxg4 Nf8 24. g5 hxg5 $1 25. Bxg5 Qg6 26. Rad1 f6 (26... Rxd1 $14 27. Rxd1 Nc8) 27. Bc1 $16 b5 28. Bh3 Qh5 29. Kg2 g5 $1 {[%cal Rg5g4] [#] Hoping for ...g4.} 30. Ng1 (30. axb5 $14 axb5 31. Nd4 Qxe2 32. Nxe2) 30... Qxe2 $1 $11 31. Nxe2 bxa4 32. Ng1 Kf7 33. Nf3 Ne6 34. Bg4 Ng6 (34... Rf8 $11) 35. Rh1 (35. Nd2 $16) 35... Rxd1 $14 36. Rxd1 Ke7 37. Nd2 {[%mdl 1024] White has compensation.} Rd8 38. Nc4 Ngf8 39. Rh1 Rd7 40. Na5 Kd6 {[#]} 41. Rh6 $1 {[%cal Rh6f6]} Rf7 42. Nc4+ Kc7 43. Bd1 Nc5 44. Be3 Nfd7 45. Bh5 Re7 46. Bg4 Rf7 (46... Bb6 $16) 47. Rh8 Bb8 48. Bf5 Kb7 49. Na5+ Kc7 50. Kf3 Nd3 (50... Ba7 {might work better.}) 51. Nc4 Ne1+ 52. Ke2 Nc2 53. Bd2 Na1 54. Rh1 Nb3 55. Be3 $36 {[%mdl 2048] White is really pushing.} Ndc5 (55... Nbc5 $142 56. Ra1 Kb7 57. Na5+ Kc7) 56. Rh8 $18 Kb7 57. Kf3 Bc7 {and the idea ...Nd7 leaves Black hopeful.} 58. Kg4 Nd7 59. Kh5 {Strongly threatening Re8.} Rf8 $2 (59... Re7 60. Kg6 Na5) 60. Rxf8 {White is clearly winning.} Nxf8 61. Kh6 Na5 62. Nxa5+ Bxa5 63. Bc5 Bb6 64. Bxf8 Bxf2 65. g4 {Av CentiPawn Loss W=-10/B=-23. Weighted=-12/-24} 1-0

[Event "DEN-ch LH 2020"]
[Site "Svendborg"]
[Date "2020.10.16"]
[Round "8.5"]
[White "Thybo, Jesper Sondergaard"]
[Black "Bjerre, Jonas Buhl"]
[Result "1-0"]
[WhiteElo "2573"]
[BlackElo "2559"]
[Annotator "TA"]
[PlyCount "101"]
[EventDate "2020.10.09"]
[EventType "tourn"]
[EventCountry "DEN"]
[SourceTitle "playchess.com"]
[Source "ChessBase"]
[SourceQuality "1"]

{[%evp 19,101,29,28,19,20,18,31,23,27,36,49,34,49,12,13,17,19,25,27,14,9,11,18,0,0,-8,0,3,125,126,125,79,99,87,78,54,58,50,54,68,76,75,81,69,71,63,71,72,95,95,111,94,101,98,87,14,58,14,247,250,604,620,586,396,599,556,643,657,648,625,658,655,641,625,731,729,1100,1086,1058,979,1754,1258,1554,1341]} 1. c4 c5 2. Nf3 Nc6 3. Nc3 g6 4. e3 Nf6 5. d4 cxd4 6. exd4 d5 7. cxd5 Nxd5 8. Qb3 Nxc3 9. Bc4 e6 10. bxc3 Bd7 {outshines the older 10...Bg7. Played by Jeffery Xiong in June 2020.} 11. Be2 {A35: Symmetrical English: 2 Nc3 Nc6 3 Nf3.} ({Wrong is} 11. Qxb7 $2 Rb8 $19) 11... Na5 12. Qb1 Bg7 13. Ba3 {White is slightly better.} Bf8 14. Bb4 {[#]} Bc6 $146 ({Predecessor:} 14... Bxb4 15. Qxb4 b6 16. h4 h5 17. O-O Nc6 18. Qd6 Ne7 19. Qf4 O-O 20. c4 Bc6 {1-0 (38) Potkin,V (2574)-Gelfand,B (2695) Sochi 2018}) 15. O-O Bd6 16. Rd1 O-O 17. Ne5 Rc8 18. Bxd6 Qxd6 19. Qb4 Qc7 20. c4 b6 21. Qb2 Ba4 {aiming for ...f6.} 22. Rdc1 Qe7 23. c5 Rb8 (23... Nc6 $11 {keeps the balance.}) 24. c6 $36 {[%mdl 2048] d5! is the strong threat. White has strong initiative.} Rbc8 {[%cal Ra4c6]} 25. Nd7 {Hoping for d5.} Bxc6 26. Nxf8 Rxf8 27. Qd2 Rd8 28. Qf4 Qd6 29. Qg5 Rd7 30. h4 Kg7 31. Qe5+ Qxe5 32. dxe5 Rd2 33. Bf1 Bd5 34. Rd1 Rb2 {[#]} 35. Rac1 $1 Rxa2 36. Rc7 Ra4 37. Bb5 ({Reject} 37. Rxa7 Rxh4 38. Rc7 Re4 $11) ({White should play} 37. g3 $16) 37... Re4 (37... Rb4 $5 {[%cal Rb4b5]} 38. Be8 Kf8 39. Bxf7 Rc4 40. Rxa7 Nc6 41. Bxe6 Bxe6 42. Rxh7 Bf7 $14) 38. Be8 Nc4 $2 {This costs Black the game.} (38... Kf8 $1 $11 {and Black is okay.} 39. Bxf7 Rc4 40. Rxa7 Nc6 {[%mdl 64] Double Attack} 41. Bxe6 {[%mdl 64] Discovered Attack} Bxe6 42. Rxh7 Bf7) 39. Bxf7 $18 ({Don't do} 39. Rxf7+ $6 Kh6 $16) 39... Kh8 $2 {[#]} (39... Kh6 40. Rxa7 Nxe5) 40. Bxe6 $1 {[%mdl 512]} Bxe6 41. Rd8+ Bg8 42. Rcc8 {[%csl Gc8][%cal Rd8g8] White is clearly winning.} Kg7 43. Rxg8+ {[%mdl 4096] Endgame KRR-KRN} Kf7 44. Rgf8+ Kg7 45. f4 Ne3 46. g3 Nf5 47. Kf2 Ra4 48. e6 Ra2+ 49. Ke1 Nd4 50. Rf7+ Kh6 51. e7 {Av CentiPawn Loss W=-21/B=-67. Weighted=-13/-58} 1-0